| Tag |
First Indicator |
Second Indicator |
Subfields |
| LEADER |
00000cam a2200000 i 4500 |
| 001 |
in00003520721 |
| 005 |
20150330101417.0 |
| 008 |
140502s2014 enk b 001 0 eng |
| 010 |
|
|
|a 2014006667
|
| 035 |
|
|
|a (OCoLC)ocn879329456
|
| 040 |
|
|
|a DLC
|e rda
|c DLC
|
| 020 |
|
|
|a 9781107053892 (hardback)
|
| 020 |
|
|
|a 1107053897 (hardback)
|
| 020 |
|
|
|a 9781107640467 (pbk.)
|
| 020 |
|
|
|a 1107640466 (pbk.)
|
| 050 |
0 |
0 |
|a QH304
|b .C685 2014
|
| 082 |
0 |
0 |
|a 570.1
|2 23
|
| 049 |
|
|
|a TXAM
|
| 100 |
1 |
|
|a Clymo, R. S.,
|e author.
|
| 245 |
1 |
0 |
|a Reporting research :
|b a biologist's guide to articles, talks, and posters /
|c R.S. Clymo.
|
| 264 |
|
1 |
|a Cambridge ;
|a New York :
|b Cambridge University Press,
|c 2014.
|
| 300 |
|
|
|a xv, 332 pages :
|b illustrations ;
|c 24 cm.
|
| 336 |
|
|
|a text
|b txt
|2 rdacontent
|
| 337 |
|
|
|a unmediated
|b n
|2 rdamedia
|
| 338 |
|
|
|a volume
|b nc
|2 rdacarrier
|
| 504 |
|
|
|a Includes bibliographical references and index.
|
| 505 |
0 |
|
|a Writing a scientific article and getting it published -- Speaking about your work -- Making and displaying a scientific poster -- Scientific authorship -- Style in writing -- Frequently misused words and technical terms -- Quantitative matters -- Managing error -- Data interrelations -- Tables and figures : the evidence -- Citing and referencing.
|
| 650 |
|
0 |
|a Biology
|x Authorship.
|
| 650 |
|
0 |
|a Technical writing
|x Vocational guidance.
|
| 650 |
|
2 |
|a Biology.
|
| 650 |
|
2 |
|a Writing.
|
| 650 |
|
2 |
|a Research Report.
|
| 650 |
|
2 |
|a Communication.
|
| 945 |
|
|
|a PromptCat
|b 115786
|
| 946 |
|
|
|a stk
|
| 947 |
|
|
|a A14842970213
|
| 948 |
|
|
|a cataloged
|b h
|c 2015/3/30
|d c
|e dmitchel
|f 10:10:10 am
|
| 994 |
|
|
|a 92
|b TXA
|
| 999 |
f |
f |
|s 05196b2b-2172-32d1-8ca0-8b85baf231b8
|i 90dc0a89-2ad1-368b-a49c-706c07a437a8
|t 0
|
| 952 |
f |
f |
|p normal
|a Texas A&M University
|b College Station
|c Sterling C. Evans Library
|d Evans: Library Stacks
|t 0
|e QH304 .C685 2014
|h Library of Congress classification
|i unmediated -- volume
|m A14842970213
|
| 998 |
f |
f |
|a QH304 .C685 2014
|t 0
|l Evans: Library Stacks
|